000 00642nam a2200229Ia 4500
003 OSt
005 20221007074808.0
006 a|||||r|||| 00| 0
007 ta
008 221006b |||||||| |||| 00| 0 eng d
024 _a16,490
037 _cTextual
040 _aFLL
_cFLL
_beng
041 _2eng
_aeng
082 _aY1:45:5soB, L1
100 _aDessaur C.I. Au.
_9693163
245 0 _aFoundations of theory formation in criminology
260 _aNetherland
_bMouton Press Netherland
_c1971
300 _axiii,152p
_ccm.
942 _hY1:45:5soB, L1
_cTEXL
_2CC
999 _c1153698
_d1153698